College Quizbowl Stats
College Quizbowl Stats
Circuits
Seasons
Sets
Records
Detailed Stats
About
Loading...
Northern California
Tossups
Bonuses
Players
Teams
Categories (Tossup)
Categories (Bonus)
Derek Kuldinow
Stanford B
Categories
Category
Powers
Gets
Negs
BBs
Points
Earliest Buzz
Avg. Buzz
First Buzzes
Top 3 Buzzes
BPA
PVF
Science - Physics
0
5
0
0
50
16
36.80
3
4
0.00
0.00
Other Academic
0
2
0
0
20
72
80.00
0
1
0.00
0.00
Science - Other
0
2
1
1
15
66
90.00
0
1
0.00
0.00
History - World
0
0
1
0
-5
0.00
0
0
0.00
0.00
Buzzes
Category
Answer
Value
Buzz Position
Science - Physics
airfoils
10
16
Science - Physics
fusion reactors
10
30
Science - Physics
index of refraction
10
32
History - World
Singapore
-5
35
Science - Physics
dark energy
10
47
Science - Physics
stress
10
59
Science - Other
harmonic
10
66
Other Academic
detecting copyright infringement
10
72
Science - Other
torus
-5
75
Other Academic
hitchhiking
10
88
Previous
1
2
Next